=LDR 00000nam 2200000 4500 =001 INLIS000000000000420 =005 20150312101558.0 =006 =007 =008 Ind =035 ##$$0010-061300000000420 =041 ##$$a Ind =082 ##$$a 910.76 =090 ##$$a 910.76 Kus l =100 ##$$a Kuswanto =245 ##$$a Lembar kerja siswa ( LKS ) IPS geografi untuk kelas 1,2 dan 3 caturwulan III berdasarkan kurikulum SD / GNPP SLTP / Kuswanto; Fatimah =260 ##$$a Surakarta $b Tiga Serangkai $c 1994 =300 ##$$a ...jild. : ilus. ; 28 cm =650 ##$$a Geografi =650 ##$$a Lembar Kerja =700 ##$$a Fatimah =850 ##$$a NBPNMAT